| 000 | 00889nam a2200265 i 4500 | ||
|---|---|---|---|
| 001 | 000048219 | ||
| 003 | DO-SdBNP | ||
| 005 | 20250313113202.0 | ||
| 007 | ta | ||
| 008 | 181206s2015 dr a r 001 0 spa d | ||
| 020 | _a9789945462791 | ||
| 040 |
_aDO-SdBNP _bspa _cBNPHU _erda |
||
| 082 | 4 |
_a923.57293 _bF363c, 2015 _222 |
|
| 100 | 1 |
_aFernández, Arlette, _975659 _eautor _4aut. |
|
| 245 | 1 | 0 |
_aCoronel Rafael Fernández Domínguez : _bsoldado del pueblo y militar de la libertad / _cArlette Fernández. |
| 250 | _asegunda edición | ||
| 264 | 4 |
_aSanto Domingo : _bCPEP, _c2015. |
|
| 300 |
_a682 páginas : _bilustraciones ; _c24 cm. |
||
| 336 |
_atexto _btxt _2rdacontent |
||
| 337 |
_asin mediación _bn _2rdamedia |
||
| 338 |
_avolumen _bnc _2rdacarrier |
||
| 490 | 1 |
_a50 Aniversario de la Gesta Patriótica de Abril de 1965 _a1 |
|
| 590 | _aInventariado, 2019 / DG | ||
| 942 |
_2ddc _cLBS1 |
||
| 999 |
_c47707 _d47707 |
||